000 01067cam a22001814a 4500
005 20250605164056.0
008 250528s ||||||||||||||||||||||||d
035 _a17476
040 _aGR-AtMCL
_bgre
_dGR-AtMCL
_eAACR2
245 1 _aΈνας Οδηγός στο Νέο Νόμο για την Πνευματική Ιδιοκτησία
260 _bΑντ. Ν. Σάκκουλα,
_c1993
300 _a56
520 _aΠρόλογος, Εισαγωγή, Οι Πηγές του Δικαίου και η Διεθνής Προστασία, Το Αντικείμενο του Δικαιώματος, Το Υποκείμενο του Δικαιώματος, Το Περιεχόμενο του Δικαιώματος: Η Εκμετάλευση του Έργου, Το Ηθικό Δικαίωμα, Οι Περιορισμοί του Δικαιώματος, Η Προστασία του Δικαιώματος, Τα Συγγενικά Δικαιώματα.
700 1 _aΚουμαντός Γιώργος Α
_93614
942 _cBK
999 _c2886
_d2886